000 00620nam a22001937a 4500
999 _c172873
_d172873
005 20200214115432.0
010 _aB-208840
020 _c600.00
_a-
035 _aB-208840
037 _bBPPD
082 _a921
100 _aڈ ی ڈ ی ٹھا کر
245 _aيا د و ں کے چر ا غ
_cڈ ی ڈ ی ٹھا کر
246 _aYadon ke Chiragh (Urdu)
_bby D.D.Thakur
260 _aDelhi
_bEducational Publishing House
_cN.A.
270 _a3108,Vakil Street,Kucha Pandit,Lal Kuan,
_bDelhi
_e110006
_k3216162
_l-
_m-
300 _a573 ص
_c21 Cm.(P.b)
942 _2ddc
_cUR
_h921
_mٹ ھ ا